Essentials of Genomics & Bioinformatics (Record no. 23210)

000 -LEADER
fixed length control field 00317nam a22001217a 4500
008 - FIXED-LENGTH DATA ELEMENTS--GENERAL INFORMATION
fixed length control field 140422b xxu||||| |||| 00| 0 eng d
020 ## - INTERNATIONAL STANDARD BOOK NUMBER
International Standard Book Number 3527305416
Terms of availability Available
082 ## - DEWEY DECIMAL CLASSIFICATION NUMBER
Classification number 572.8SEN
100 ## - MAIN ENTRY--PERSONAL NAME
Personal name Chritoph W Sensen
245 ## - TITLE STATEMENT
Title Essentials of Genomics & Bioinformatics
260 ## - PUBLICATION, DISTRIBUTION, ETC.
Place of publication, distribution, etc. Germany
Name of publisher, distributor, etc. Wiley-VCH
Date of publication, distribution, etc. 2002
942 ## - ADDED ENTRY ELEMENTS (KOHA)
Koha item type Book
Holdings
Withdrawn status Lost status Damaged status Not for loan Permanent Location Current Location Shelving location Date acquired Source of acquisition Cost, normal purchase price Total Checkouts Full call number Barcode Checked out Date last seen Date last checked out Price effective from Koha item type
        Central Library (CL) Central Library (CL)   03/06/2013 Progessive International Agencies(Pvt) Limited 2350.00 1 572.8SEN RCMS002177 05/13/2026 01/13/2026 01/13/2026 03/06/2013 Book
© 2023 Central Library, National University of Sciences and Technology. All Rights Reserved.